Игра. Мгновения: Роман; Миниатюры

Dettagli Bibliografici
Autore principale: Бондарев Ю. В. Юрий Васильевич
Riassunto:Исключено из фонда НТБ ТПУ
Lingua:russo
Pubblicazione: Москва, Советская Россия, 1990
Natura: MixedMaterials Libro
KOHA link:https://koha.lib.tpu.ru/cgi-bin/koha/opac-detail.pl?biblionumber=133830

MARC

LEADER 00000nam0a2200000 4500
001 133830
005 20231101220443.0
010 |a 5268010549 
020 |a RU  |b 90-56744 
035 |a (RuTPU)RU\TPU\book\145070 
090 |a 133830 
100 |a 20080321d1990 m y0rusy5003 ca 
101 0 |a rus 
102 |a RU 
105 |a y z 000ay 
200 1 |a Игра. Мгновения  |e Роман; Миниатюры  |f Ю. В. Бондарев 
210 |a Москва  |c Советская Россия  |d 1990 
215 |a 336 с. 
333 |a Исключено из фонда НТБ ТПУ 
700 1 |a Бондарев  |b Ю. В.  |c русский писатель  |f 1924-  |g Юрий Васильевич  |9 4686 
801 0 |a RU  |b RuMRKP  |c 19950417  |g psbo 
801 1 |a RU  |b 63413507  |c 20080321  |g PSBO 
801 2 |a RU  |b 63413507  |c 20220602  |g PSBO 
942 |c BK